000 00527nam a2200181Ia 4500
008 151202s9999||||xx |||||||||||||| ||und||
082 _bPNVM-53302
100 _aभागवत भा.रा.
245 _aगप्प बसा.
260 _bशकून प्रकाशन पुणे.
260 _c1984
300 _a100
600 _aभागवत भा.रा.
630 _aगप्प बसा.
700 _aभागवत भा.रा.
730 _aगप्प बसा.
942 _cBOOK
999 _c1319841
_d1319838